Test de Rapidité - De 0 à 10 puis de 10 à 0 - Statistiques

Statistiques générales
  • Ce quiz a été pris 1 374 fois
  • Le résultat moyen est 19 sur 22
Statistiques - réponses
Réponse % Correct
0
100%
1
97%
2
95%
3
94%
4
94%
5
93%
6
93%
7
92%
8
92%
9
92%
10
90%
10
83%
8
82%
9
82%
7
81%
5
80%
6
80%
2
79%
3
79%
4
79%
1
78%
0
76%
Aucun quiz correspondant
Distribution des résultats
% des personnes avec chaque résultat
Percentile par nombre de réponses
Votre historique - résultats
Vous n’avez pas pris ce quiz